แสดงรายละเอียดบรรณานุกรม
  กลับหน้าหลัก

Brief Record : Get Marc (ISO 2709) : E-mail record : QR code ปิดหน้าต่าง
E-books : เกี่ยวกับ Collections
LEADER 00000nam 2200000uu 4500
001    209141
003     ULIBM
008    131031s2553||||th 000 0 tha d
020    ^a9786161102128
041 0  ^atha
060  4 ^aWM274 ค695 2553
245 00 ^aคู่มือสำหรับผู้อบรมการดูแลผู้มีปัญหาการดื่มสุราเบื้องต้นสำหรับบุคลากรสุขภาพ./^bพันธุ์นภา กิตติรัตนไพบูลย์,บรรณาธิการ
250    ^aพิมพ์ครั้งที่ 1
260    ^aเชียงใหม่ : ^bแผนงานการพัฒนาระบบ รูปแบบ และวิธีการบำบัดรักษาผู้มีปัญหาการบริโภคสุราแบบบูรณาการ (ผรส.),^c2553
300    ^a326 หน้า : ^bภาพประกอบสี ;^c35 ซม.
650  4 ^aคนติดสุรา ^xการดูแล ^xหลักสูตร
650  4 ^aคนติดสุรา ^xการดูแล ^xการอบรม
650  4 ^aการดื่มเครื่องดื่มที่มีแอลกอออล์ ^xการป้องกันและควบคุม
700 0  ^aพันธุ์นภา กิตติรัตนไพบูลย์,บรรณาธิการ
710 2  ^aแผนงานการพัฒนาระบบ รูปแบบ และวิธีการบำบัดรักษาผู้มีปัญหาการบริโภคสุราแบบบูรณาการ (ผรส.)
999    ^aใช้งานได้ทุกระบบ
รายการนี้ยังไม่มีแท็ก
คุณยังไม่ได้ล็อกอิน คุณสามารถมีกิจกรรมร่วมกับเว็บไซต์ได้ แต่ต้องล็อกอินก่อน ::
  ล็อกอิน
ลำดับที่ ประเภท เลขเรียก สถานที่ สถานะ
1. หนังสือทั่วไป
หนังสือทั่วไป
สถานะ=หนังสือเก่า - บริการ ณ ห้องสมุด (ห้องเหลือง)
WM274 ค695 2553  
  
ห้องสมุด หอพักนักศึกษา (ห้องเหลือง) On Shelf
  ขอยืม
2. หนังสือทั่วไป
หนังสือทั่วไป
สถานะ=หนังสือเก่า - บริการ ณ ห้องสมุด (ห้องเหลือง)
WM274 ค695 2553 ฉ.2 
  
ห้องสมุด หอพักนักศึกษา (ห้องเหลือง) On Shelf
  ขอยืม
   [แสดง 2/2 รายการ]

BibComment


ยังไม่เคยถูกคอมเมนท์

คอมเมนท์ทรัพยากรรายการนี้
  คอมเมนท์: คู่มือสำหรับผู้อ..
Bib 209141

 
 
 

 Union Library Management : ULibM
Copyright 2026. All Rights Reserved.
скачать бесплатно без регистрации порно красивый секс HD Sex Hindi sex

xxx gou

xxxx

bfxxx

xxxwww

Секса Видео

xxxx

Секса Видео

detube

geilexxx

C99 Shell

worms shell

blod xxx video
Ebony Coed Rihanna Rimes Takes A Dick In Her Young Twat priyaa indian fuck anal and pusssy hardcore indian women xxx desi hardcore fucking part 1 bengalixxxcouple